Beyond naturalness : Thinking park and wilderness stewardship in an era of rapid change
Beyond Naturalness brings together leading scientists and policymakers to explore the concept of naturalness, its varied meanings, and how managers should intervene in ecosystem processes to protect park and wilderness values.
Sparad:
| Materialtyp: | Bok |
|---|---|
| Språk: | Undetermined |
| Publicerad: |
London
Island Press
2010
|
| Ämnen: | |
| Taggar: |
Lägg till en tagg
Inga taggar, Lägg till första taggen!
|
| Thư viện lưu trữ: | Trung tâm Học liệu Trường Đại học Cần Thơ |
|---|
| LEADER | 01074nam a2200229Ia 4500 | ||
|---|---|---|---|
| 001 | CTU_209767 | ||
| 008 | 210402s9999 xx 000 0 und d | ||
| 020 | |c 37.50 | ||
| 082 | |a 333.78 | ||
| 082 | |b B573 | ||
| 245 | 0 | |a Beyond naturalness : | |
| 245 | 0 | |b Thinking park and wilderness stewardship in an era of rapid change | |
| 245 | 0 | |c David N. Cole, Laurie Yung (Edited by) | |
| 260 | |a London | ||
| 260 | |b Island Press | ||
| 260 | |c 2010 | ||
| 520 | |a Beyond Naturalness brings together leading scientists and policymakers to explore the concept of naturalness, its varied meanings, and how managers should intervene in ecosystem processes to protect park and wilderness values. | ||
| 650 | |a Các khu bảo tồn,Protected areas,Ecosystem management,Nature conservation,Quản lý hệ sinh thái,Bảo tồn thiên nhiên | ||
| 650 | |x Quản lý,Management | ||
| 650 | |z Hoa Kỳ,United States,United States,United States,Hoa Kỳ,Hoa Kỳ | ||
| 904 | |i Huỳnh Nhựt Tân, Tuyến | ||
| 980 | |a Trung tâm Học liệu Trường Đại học Cần Thơ | ||